1538 1230 1975 1428 1916 1055 1768 1281 1358 1209 1350 1101 1501 1971 1259 1648 1846 1932 1350 1223 1165 1808 1891 1934 1962 1854 1570 1795 1668 1971 1101 1725 1498 1768 1016 1113 1270 1113 1011 1408 1189 1284 1216 1830 1844 1812 1418 1893 1192 1764 1652 1389 1799 1083 1550 1783 1754 1498 1146 1854 1126 1936 1201 1461 1490 1602 1101 1064 1494 1710 1640 1782 1560 1363 1607 1697 1883 1278 1461 1477 1963 1093 1070 1965 1306 1607 1166 1339 1669 1433 1919 1008 1762 1885 1025 1174 1440 1052 1427 BCNSPRNW ULIB Ver.6.0+V

เปลี่ยนเป็นภาษาไทย

Change to English
 แสดงรายละเอียดบรรณานุกรม
  กลับหน้าหลัก

Brief Record : Get Marc (ISO 2709) : E-mail record : QR code < ปิดหน้าต่าง
LEADER : 00000nam 2200000uu 4500
001    13399108341
003     ULIB
008    110301s2549||||th 000 0 tha d
020    9741335113
060 04 WY105^bก446 2549
245 00 การจัดการทางการพยาบาลเพื่อความปลอดภัย /^cเพ็ญจันทร์แสนประสาน ... [และคนอื่นๆ]
250    พิมพ์ครั้งที่ 3
260    กรุงเทพฯ :^bสุขุมวิทการพิมพ์,^c2549
300    ก-ข, 318 หน้า :^bภาพประกอบ ;^c26 ซม.
650  7 การพยาบาล
650  7 ประกันคุณภาพ
700 0  เพ็ญจันทร์ แสนประสาน
945    ^p250^l0^i022441
995    ทศพร
999 ^a ใช้งานได้ทุกระบบ
รายการนี้ยังไม่มีแท็ก
คุณยังไม่ได้ล็อกอิน คุณสามารถมีกิจกรรมร่วมกับเว็บไซต์ได้ แต่ต้องล็อกอินก่อน ::
  ล็อกอิน

รายการสื่อสารสนเทศ

ลำดับที่ ประเภท เลขเรียก/บาร์โค้ด สถานที่ สถานะ
- ไม่พบข้อมูล -

รายการใกล้เคียง
    หัวเรื่อง [การพยาบาล]
    หัวเรื่อง [ประกันคุณภาพ]

BibComment


ยังไม่เคยถูกคอมเมนท์

คอมเมนท์ทรัพยากรรายการนี้
  คอมเมนท์: การจัดการทางการพย..


 Copyright 2026. Bcnsprnw @Library